Statistics for Canada Multiple Choice (Pretty Easy)

Click here to take the quiz!

General Stats

  • This quiz has been taken 16 times
    (8 since last reset)
  • The average score is 14 of 20

Answer Stats

QuestionAnswer% Correct
Who is the Prime Minister of Canada? (2022)Justin Trudeau
100%
Where is Canada locatedNorth America
100%
What colors are on a Canadian FlagRed and White
100%
What countries border Canada?Usa
100%
How many provinces is there in Canada?10
86%
What state does Canada NOT border?Connecticut
86%
What is the real province?Newfoundland and Labrador
86%
What PROVINCE has the LEAST population?Prince Edward Island
86%
is Canada coldYeah, It's pretty chilly
86%
Canadas national animal?North American Beaver
71%
What PROVINCE has the MOST population?Ontario
71%
How many states is there in Canada?0
57%
How many territories is there in Canada?3
57%
How many people live in OntarioMore than Two
57%
What one isn't an island?Nova Scotia
57%
What province is more northQuebec
57%
How many people live in Canada? (2021)36 million
43%
What is the real city?Medicine Hat
43%
Oldest province in Canada?Nova Scotia
29%
Oldest city in Canada?Saint Johns
14%

Score Distribution

Percentile by Number Answered

Percent of People with Each Score

Your Score History

You have not taken this quiz since the last reset